000 00287nam a22001217a 4500
008 181019b xxu||||| |||| 00| 0 eng d
041 _aeng
080 _a610
100 _a4
101 _aSHM
245 _aCleft Plate Its Associated Speech Disorders
_cWelle.CH.C
942 _2udc
_cBK
999 _c50259
_d50259